[Event "interzonal"]
[Site "Biel SUI"]
[Date "1993.??.??"]
[Round "9"]
[White "Gurevich, Mikhail"]
[Black "Ftacnik, Lubomir"]
[Result "1-0"]
[WhiteElo "2605"]
[BlackElo "2535"]
[EventDate "1993.07.15"]
[PlyCount "81"]

1.c4 c5 2.g3 g6 3.Bg2 Bg7 4.Nc3 Nc6 5.d3 Nf6 6.Rb1 e6 7.e4 O-O 8.Nge2 d5 
9.exd5 exd5 10.cxd5 Nd4 11.h3 Re8 12.Be3 b6 13.O-O Nxe2+ 14.Qxe2 Bb7 15.
Qf3 Nd7 16.Rbd1 Ne5 17.Qe2 Ba6 18.Qc2 Qd7 19.Bf4 Rad8 20.Rfe1 f5 21.Re3 
Nf7 22.Rxe8+ Rxe8 23.Be3 Nd6 24.Ne2 c4 25.Nf4 Rc8 26.dxc4 Nxc4 27.Qb3 Nxb2
28.d6+ Bc4 29.Bd5+ Kh8 30.Bxc4 Nxc4 31.Bd4 Bxd4 32.Rxd4 Nxd6 33.Qd5 Rc1+ 
34.Kh2 Qb7 35.Qe5+ Kg8 36.Nd5 Nf7 37.Qf6 Re1 38.Rd2 Re8 39.Qd4 Rd8 40.Nf6+
Kg7 41.Nh5+ 1-0

[Event "interzonal"]
[Site "Biel SUI"]
[Date "1993.??.??"]
[Round "9"]
[White "Sokolov, Ivan"]
[Black "Smyslov, Vassily"]
[Result "1-0"]
[WhiteElo "2610"]
[BlackElo "2520"]
[EventDate "1993.07.15"]
[PlyCount "97"]

1.d4 Nf6 2.c4 e6 3.Nf3 d5 4.Nc3 Bb4 5.Bg5 c6 6.Qc2 Nbd7 7.cxd5 exd5 8.e3 
h6 9.Bh4 g5 10.Bg3 Ne4 11.Bd3 Qe7 12.O-O Nxg3 13.fxg3 O-O 14.e4 dxe4 15.
Nxe4 f5 16.Nc3 Nb6 17.Rae1 Qd6 18.Kh1 Be6 19.Ne5 Kg7 20.a3 Bxc3 21.bxc3 
Rae8 22.Bxf5 Bxf5 23.Rxf5 Rxf5 24.Qxf5 Rf8 25.Qe4 Nd7 26.h4 Nxe5 27.dxe5 
Qe6 28.Kg1 b6 29.h5 Qf5 30.Qe3 Re8 31.Qe2 g4 32.Qe4 Qxh5 33.Qxc6 Rf8 34.
Qd7+ Rf7 35.Qd4 Kh7 36.Re4 Rg7 37.Rf4 Qg6 38.Rf6 Qg5 39.Qe4+ Kh8 40.Qf4 
Kh7 41.Qe4+ Kh8 42.Rf8+ Rg8 43.Rxg8+ Qxg8 44.e6 h5 45.Qe5+ Qg7 46.Qxh5+ 
Kg8 47.Qe8+ Qf8 48.Qxf8+ Kxf8 49.Kf2 1-0

[Event "interzonal"]
[Site "Biel SUI"]
[Date "1993.??.??"]
[Round "9"]
[White "Lobron, Eric"]
[Black "Barua, Dibyendu"]
[Result "1/2-1/2"]
[WhiteElo "2575"]
[BlackElo "2510"]
[EventDate "1993.07.15"]
[PlyCount "84"]

1.Nf3 d5 2.d4 Nf6 3.c4 c6 4.Nc3 dxc4 5.a4 Bf5 6.e3 e6 7.Bxc4 Bb4 8.O-O O-O
9.Qe2 Nbd7 10.e4 Bg6 11.Bd3 Bh5 12.e5 Nd5 13.Bd2 c5 14.Rad1 cxd4 15.Nxd5 
Bxd2 16.Rxd2 exd5 17.Bf5 Nc5 18.Rxd4 Ne6 19.Rd2 Qa5 20.g4 Bg6 21.Qb5 Qxb5 
22.axb5 Nf4 23.Ra1 Bxf5 24.gxf5 Rfc8 25.h4 Rc4 26.Kh2 a5 27.Nd4 b6 28.Ra3 
Re8 29.Re3 g6 30.b3 Rc1 31.f6 h6 32.Nc6 Kh7 33.Rd4 g5 34.Ne7 Ng6 35.Nxg6 
Kxg6 36.Rxd5 Rc5 37.Rxc5 bxc5 38.Kg3 Kf5 39.hxg5 hxg5 40.Rc3 Rc8 41.b6 Rb8
42.Rxc5 Rxb6 1/2-1/2

[Event "interzonal"]
[Site "Biel SUI"]
[Date "1993.??.??"]
[Round "9"]
[White "Hansen, Curt"]
[Black "Bagaturov, Giorgi"]
[Result "1-0"]
[WhiteElo "2590"]
[BlackElo "2495"]
[EventDate "1993.07.15"]
[PlyCount "81"]

1.d4 Nf6 2.c4 g6 3.Nc3 Bg7 4.e4 d6 5.Nf3 O-O 6.Be2 e5 7.Be3 Na6 8.O-O Ng4 
9.Bg5 Qe8 10.dxe5 dxe5 11.h3 h6 12.Bd2 Nf6 13.Be3 Nh5 14.Re1 Nf4 15.Bf1 
Ne6 16.a3 f5 17.b4 f4 18.Bc1 Nb8 19.Bb2 Nc6 20.Nd5 Ncd4 21.Nxd4 exd4 22.e5
Qd8 23.Qb3 Qg5 24.c5 Kh7 25.Nf6+ Bxf6 26.exf6 Qxf6 27.Bc4 Ng7 28.Re4 Qg5 
29.Qf3 Bd7 30.Rxd4 Rad8 31.Re1 h5 32.b5 Qxc5 33.Qc3 Qg5 34.Rd5 Nf5 35.h4 
Qg4 36.Re7+ Kh6 37.Qg7+ Nxg7 38.Bxg7+ Kh7 39.Bxf8+ Kg8 40.Rdxd7+ Kxf8 41.
Rf7+ 1-0

[Event "interzonal"]
[Site "Biel SUI"]
[Date "1993.??.??"]
[Round "9"]
[White "Brunner, Lucas"]
[Black "Gurevich, Dmitry"]
[Result "0-1"]
[WhiteElo "2475"]
[BlackElo "2575"]
[EventDate "1993.07.15"]
[PlyCount "70"]

1.e4 c5 2.Nf3 d6 3.d4 cxd4 4.Nxd4 Nf6 5.Nc3 a6 6.Be3 g6 7.Qd2 Ng4 8.Bg5 h6
9.Bh4 Bg7 10.f3 Nf6 11.O-O-O b5 12.Qe1 O-O 13.f4 Ra7 14.e5 dxe5 15.fxe5 
Ng4 16.Nf3 Rd7 17.h3 b4 18.Rxd7 Nxd7 19.hxg4 bxc3 20.Qxc3 Bb7 21.Bg3 Qa8 
22.Bc4 Rc8 23.Qb3 Nc5 24.Bxf7+ Kf8 25.Qc4 Be4 26.Kb1 Na4 27.Qxa4 Bxc2+ 28.
Qxc2 Rxc2 29.Kxc2 Qe4+ 30.Kd2 Qxg4 31.Bd5 Qxg3 32.Rc1 Bxe5 33.Rc8+ Kg7 34.
Rg8+ Kh7 35.Bf7 Qf4+ 0-1

[Event "interzonal"]
[Site "Biel SUI"]
[Date "1993.??.??"]
[Round "9"]
[White "Zarnicki, Pablo"]
[Black "Dvoirys, Semen"]
[Result "0-1"]
[WhiteElo "2455"]
[BlackElo "2590"]
[EventDate "1993.07.15"]
[PlyCount "72"]

1.e4 c5 2.Nf3 d6 3.d4 cxd4 4.Nxd4 Nf6 5.Nc3 a6 6.f4 e5 7.Nf3 Nbd7 8.a4 Be7
9.Bd3 O-O 10.O-O exf4 11.Bxf4 Qb6+ 12.Kh1 Qxb2 13.Qe1 Qb6 14.Rb1 Qd8 15.e5
dxe5 16.Nxe5 Nc5 17.Bc4 Be6 18.Bxe6 fxe6 19.Be3 Qc7 20.Bxc5 Bxc5 21.Nd3 
Rae8 22.Nxc5 Qxc5 23.Ne4 Qc6 24.Nxf6+ gxf6 25.Rb3 Rf7 26.Qh4 Qxc2 27.Rg3+ 
Kh8 28.h3 f5 29.Qg5 Qxa4 30.Re1 e5 31.Kh2 e4 32.Rf1 Qb5 33.Rf4 Qe5 34.Qh5 
Ref8 35.Rfg4 Qe7 36.Rg6 e3 0-1

[Event "interzonal"]
[Site "Biel SUI"]
[Date "1993.??.??"]
[Round "9"]
[White "Hamdouchi, Hichem"]
[Black "Hug, Werner"]
[Result "1/2-1/2"]
[WhiteElo "2455"]
[BlackElo "2430"]
[EventDate "1993.07.15"]
[PlyCount "51"]

1.e4 e6 2.d4 d5 3.Nd2 Nf6 4.e5 Ne4 5.Bd3 Nxd2 6.Bxd2 c5 7.dxc5 Nd7 8.Nf3 
Nxc5 9.Bc3 Bd7 10.O-O Be7 11.Bd4 O-O 12.c3 Nxd3 13.Qxd3 b5 14.Qe3 Qc7 15.
b4 Rfc8 16.Nd2 a5 17.a3 axb4 18.axb4 Ra4 19.Nb3 Rca8 20.Bb6 Qc4 21.Na5 Qg4
22.Qd4 Qf5 23.Rae1 Rc8 24.Qd2 h6 25.Bd4 Ra8 26.Bb6 1/2-1/2

[Event "interzonal"]
[Site "Biel SUI"]
[Date "1993.??.??"]
[Round "9"]
[White "Kalesis, Nikolaos"]
[Black "Moutousis, Konstantinos"]
[Result "0-1"]
[WhiteElo "2410"]
[BlackElo "2425"]
[EventDate "1993.07.15"]
[PlyCount "54"]

1.e4 e6 2.d4 d5 3.Nc3 Bb4 4.e5 c5 5.a3 Bxc3+ 6.bxc3 Ne7 7.Qg4 Kf8 8.h4 b6 
9.h5 h6 10.a4 Ba6 11.Ba3 Bxf1 12.Kxf1 Nd7 13.Ne2 Kg8 14.Rh3 Rc8 15.Nf4 Kh7
16.Qe2 Re8 17.dxc5 Nxc5 18.a5 Ne4 19.Bb4 Rc4 20.Qd3 Kg8 21.Bxe7 Rxe7 22.
Ne2 bxa5 23.f3 Ng5 24.Rh1 Qb6 25.Ke1 Rec7 26.Kd2 Qf2 27.Rhg1 Rxc3 0-1

[Event "interzonal"]
[Site "Biel SUI"]
[Date "1993.??.??"]
[Round "10"]
[White "Gulko, Boris"]
[Black "Ivanchuk, Vasyl"]
[Result "1/2-1/2"]
[WhiteElo "2635"]
[BlackElo "2705"]
[EventDate "1993.07.15"]
[PlyCount "155"]

1.d4 Nf6 2.c4 g6 3.Nc3 Bg7 4.e4 d6 5.Be2 O-O 6.Bg5 h6 7.Be3 c5 8.dxc5 Qa5 
9.Bd2 Qxc5 10.Nf3 Bg4 11.Be3 Qa5 12.Nd2 Bxe2 13.Qxe2 Nfd7 14.Rc1 Rc8 15.
O-O Nc6 16.Rfd1 h5 17.a3 Qa6 18.Nf3 Nb6 19.Bxb6 axb6 20.Nd5 e6 21.Nc3 Na7 
22.Rxd6 Rxc4 23.Qe3 Nc6 24.h3 b5 25.Rcd1 b4 26.axb4 Rxb4 27.R1d2 Qa1+ 28.
Kh2 Rxb2 29.Rxb2 Qxb2 30.e5 Qb4 31.Ne4 Nxe5 32.Nfg5 Nc4 33.Rd4 Rf8 34.Qd3 
b5 35.Rd8 Qe7 36.Rxf8+ Bxf8 37.f4 Bg7 38.Qb3 Qb7 39.Qb4 Qc7 40.Qxb5 Nd6 
41.Nxd6 Qxd6 42.Qe8+ Qf8 43.Qd7 Bh6 44.h4 Bg7 45.g3 Bf6 46.Ne4 Be7 47.Ng5 
Kg7 48.Qd4+ Bf6 49.Qd7 Bxg5 50.hxg5 Qc5 51.Qd2 e5 52.fxe5 Qxe5 53.Kg2 Qe4+
54.Kh2 Qf5 55.Qd4+ Kh7 56.Qd2 Qe5 57.Kh3 Kg8 58.Qd8+ Kg7 59.Qd2 Kf8 60.
Qd8+ Qe8 61.Qd6+ Qe7 62.Qb8+ Kg7 63.Qb2+ Kg8 64.Qb8+ Kg7 65.Qb2+ Kh7 66.
Qd2 Kg8 67.Qf4 Qb7 68.Kh2 Qb2+ 69.Kg1 Kg7 70.Qe3 Qb1+ 71.Kg2 Qa2+ 72.Kg1 
Qc4 73.Qe7 Qc6 74.Kf2 Qd5 75.Kg1 Qf3 76.Kh2 Qf2+ 77.Kh1 Qxg3 78.Qxf7+ 
1/2-1/2

[Event "interzonal"]
[Site "Biel SUI"]
[Date "1993.??.??"]
[Round "10"]
[White "Piket, Jeroen"]
[Black "Anand, Viswanathan"]
[Result "1/2-1/2"]
[WhiteElo "2590"]
[BlackElo "2725"]
[EventDate "1993.07.15"]
[PlyCount "33"]

1.d4 d5 2.c4 dxc4 3.Nc3 Nf6 4.e3 e6 5.Bxc4 a6 6.a4 c5 7.Nf3 Nc6 8.O-O Be7 
9.Ne5 cxd4 10.Nxc6 bxc6 11.exd4 O-O 12.a5 Bb7 13.Bf4 c5 14.dxc5 Bxc5 15.
Qxd8 Raxd8 16.Be2 h6 17.Rfc1 1/2-1/2

[Event "interzonal"]
[Site "Biel SUI"]
[Date "1993.??.??"]
[Round "10"]
[White "Sokolov, Ivan"]
[Black "Lautier, Joel"]
[Result "1/2-1/2"]
[WhiteElo "2610"]
[BlackElo "2620"]
[EventDate "1993.07.15"]
[PlyCount "38"]

1.d4 d5 2.c4 c6 3.e3 Bf5 4.Nc3 e6 5.Bd3 Bxd3 6.Qxd3 Nd7 7.Nf3 Ngf6 8.O-O 
Bb4 9.Bd2 Qa5 10.a3 Bxc3 11.Bxc3 Qa6 12.Nd2 O-O 13.b3 c5 14.dxc5 Nxc5 15.
Qc2 dxc4 16.Bxf6 gxf6 17.b4 Nd3 18.Nxc4 Rac8 19.Qxd3 Qxc4 1/2-1/2

[Event "interzonal"]
[Site "Biel SUI"]
[Date "1993.??.??"]
[Round "10"]
[White "Khalifman, Alexander"]
[Black "Portisch, Lajos"]
[Result "1/2-1/2"]
[WhiteElo "2645"]
[BlackElo "2585"]
[EventDate "1993.07.15"]
[PlyCount "57"]

1.d4 Nf6 2.c4 e6 3.Nf3 d5 4.Nc3 Be7 5.Bg5 O-O 6.e3 h6 7.Bh4 b6 8.Be2 Bb7 
9.Bxf6 Bxf6 10.cxd5 exd5 11.b4 c5 12.bxc5 bxc5 13.Rb1 Bc6 14.O-O Nd7 15.
Bb5 Qc7 16.Qc2 Rfc8 17.Rfc1 Bxb5 18.Nxb5 Qc6 19.Qd2 Rcb8 20.Nc3 Rxb1 21.
Rxb1 Nb6 22.dxc5 Qxc5 23.Ne2 Rc8 24.Rc1 Qb5 25.Rxc8+ Nxc8 26.g3 Nb6 27.Kg2
Nc4 28.Qd3 Nd6 29.Qxb5 1/2-1/2

[Event "interzonal"]
[Site "Biel SUI"]
[Date "1993.??.??"]
[Round "10"]
[White "Lputian, Smbat"]
[Black "Smirin, Ilia"]
[Result "1-0"]
[WhiteElo "2565"]
[BlackElo "2640"]
[EventDate "1993.07.15"]
[PlyCount "119"]

1.d4 g6 2.c4 Bg7 3.Nc3 d6 4.e4 Nc6 5.Be3 Nf6 6.Be2 e5 7.Nf3 exd4 8.Nxd4 
O-O 9.O-O Ne5 10.Qd2 a6 11.Rfd1 Re8 12.f3 c5 13.Nc2 Be6 14.Qxd6 Qxd6 15.
Rxd6 Bxc4 16.f4 Bxe2 17.fxe5 Ng4 18.Nxe2 Bxe5 19.Rd2 Bxh2+ 20.Kh1 Rxe4 21.
Bxc5 Re5 22.Bg1 Rae8 23.Ncd4 Bxg1 24.Kxg1 h5 25.Rf1 Ne3 26.Rf3 Rd8 27.Rd3 
Ng4 28.Nc3 Re1+ 29.Rf1 Ne5 30.Rd1 Rxf1+ 31.Kxf1 Nc4 32.Nc2 Rc8 33.Nd5 Nxb2
34.Ne7+ Kf8 35.Nxc8 Nxd1 36.a3 Nc3 37.Kf2 h4 38.Kf3 f5 39.Kf4 Ne4 40.Ke5 
Kg7 41.Nd4 Kh6 42.Kf4 b5 43.Ne7 Nd2 44.Nd5 Nc4 45.Nc2 a5 46.Nde3 Nxe3 47.
Kxe3 b4 48.Nxb4 Kg5 49.Nd3 Kf6 50.a4 g5 51.Nb2 Ke5 52.Nc4+ Kd5 53.Nxa5 g4 
54.Kf4 Kc5 55.Nb3+ Kb4 56.a5 Kb5 57.a6 Kxa6 58.Nc5+ Kb5 59.Nd3 Kc4 60.Nf2 
1-0

[Event "interzonal"]
[Site "Biel SUI"]
[Date "1993.??.??"]
[Round "10"]
[White "Pigusov, Evgeny"]
[Black "Ye Jiangchuan"]
[Result "1/2-1/2"]
[WhiteElo "2585"]
[BlackElo "2535"]
[EventDate "1993.07.15"]
[PlyCount "112"]

1.Nf3 Nf6 2.c4 g6 3.g3 Bg7 4.Bg2 O-O 5.d4 d5 6.cxd5 Nxd5 7.O-O Nb6 8.Nc3 
Nc6 9.d5 Na5 10.Qc2 c6 11.dxc6 Nxc6 12.Rd1 Qc7 13.Nb5 Qb8 14.Bf4 e5 15.Be3
Bf5 16.Qc5 Rc8 17.Nd6 Bf8 18.Ng5 Bxd6 19.Rxd6 Nd4 20.Qxe5 Nxe2+ 21.Kf1 Nc4
22.Qf6 Nxd6 23.Rd1 h6 24.Nxf7 Nxf7 25.Bd5 Qc7 26.Bxh6 Bh3+ 27.Ke1 Qa5+ 28.
b4 Qxb4+ 29.Bd2 Qf8 30.Qxg6+ Qg7 31.Bxf7+ Kh8 32.Qh5+ Qh7 33.Qe5+ Qg7 34.
Qh5+ Qh7 35.Bh6 Qf5 36.Rd5 Qxh5 37.Rxh5 Bg4 38.Rh4 Bf5 39.Kxe2 Bh7 40.Rg4 
Bg8 41.Bxg8 Rxg8 42.Rh4 Rgc8 43.Be3+ Kg7 44.Kd3 b5 45.Bd4+ Kg6 46.Rg4+ Kh6
47.h4 a5 48.Rg5 b4 49.g4 a4 50.f4 Rd8 51.Rh5+ Kg6 52.f5+ Kf7 53.Rh7+ Kg8 
54.Rh8+ Kf7 55.Rh7+ Kg8 56.Rh8+ Kf7 1/2-1/2

[Event "interzonal"]
[Site "Biel SUI"]
[Date "1993.??.??"]
[Round "10"]
[White "Moutousis, Konstantinos"]
[Black "Topalov, Veselin"]
[Result "0-1"]
[WhiteElo "2425"]
[BlackElo "2650"]
[EventDate "1993.07.15"]
[PlyCount "96"]

1.e4 c5 2.Nc3 g6 3.f4 Bg7 4.Nf3 Nc6 5.Bb5 Nd4 6.O-O e6 7.d3 Ne7 8.Nxd4 
cxd4 9.Ne2 O-O 10.Ba4 d6 11.Bd2 Bd7 12.Bb3 Rc8 13.Qe1 Kh8 14.Kh1 f5 15.Ng3
Nc6 16.Qf2 Na5 17.Bxa5 Qxa5 18.exf5 exf5 19.Ne2 Qc5 20.Ng1 Bf6 21.Nf3 Rfe8
22.h4 Re3 23.Qg3 Kg7 24.h5 Rce8 25.Rf2 Be6 26.Rd1 a5 27.Bxe6 R3xe6 28.a4 
b5 29.axb5 a4 30.Ra1 Qxb5 31.Ra2 R6e7 32.Rf1 Qc6 33.Rf2 Qb5 34.Rf1 Qb4 35.
Kg1 Re2 36.Rf2 R8e3 37.b3 a3 38.Rxe2 Rxe2 39.c3 Rxa2 40.cxb4 Re2 41.Qe1 
Rxe1+ 42.Nxe1 a2 43.Nc2 Kf7 44.Kf2 d5 45.b5 Ke8 46.h6 Kd7 47.b6 Be7 48.g4 
Kc8 0-1

[Event "interzonal"]
[Site "Biel SUI"]
[Date "1993.??.??"]
[Round "10"]
[White "Dvoirys, Semen"]
[Black "Arencibia Rodriguez, Walter"]
[Result "1/2-1/2"]
[WhiteElo "2590"]
[BlackElo "2485"]
[EventDate "1993.07.15"]
[PlyCount "101"]

1.e4 e5 2.Nf3 Nc6 3.Bb5 a6 4.Ba4 Nf6 5.O-O Be7 6.d3 d6 7.c3 O-O 8.Nbd2 Nd7
9.Bc2 Nb6 10.a4 a5 11.d4 exd4 12.Nxd4 Nxd4 13.cxd4 Bf6 14.Nf3 Bg4 15.Ra3 
Re8 16.h3 Bh5 17.Re1 d5 18.e5 Be7 19.Bxh7+ Kxh7 20.Ng5+ Bxg5 21.Qxh5+ Bh6 
22.Bxh6 gxh6 23.Qxf7+ Kh8 24.Rg3 Rg8 25.Rxg8+ Qxg8 26.Qxc7 Nc4 27.e6 Qg7 
28.e7 Rg8 29.g3 Nd2 30.Re6 Nf3+ 31.Kg2 Ng5 32.Re3 Ne4 33.Qd7 Nf6 34.Qxb7 
Re8 35.Qc7 Ng8 36.Qc6 Rxe7 37.Qxd5 Rxe3 38.fxe3 Qc7 39.Kf3 Nf6 40.Qe6 Kg7 
41.b3 Qc2 42.Qc4 Qe4+ 43.Kf2 Qf5+ 44.Ke2 Qxh3 45.Qc7+ Kg6 46.Qxa5 Qxg3 47.
Qa8 Qh2+ 48.Kf1 Ng4 49.Qg2 Qxg2+ 50.Kxg2 Nxe3+ 51.Kf3 1/2-1/2

[Event "interzonal"]
[Site "Biel SUI"]
[Date "1993.??.??"]
[Round "10"]
[White "Bagaturov, Giorgi"]
[Black "Lima, Darcy"]
[Result "1-0"]
[WhiteElo "2495"]
[BlackElo "2475"]
[EventDate "1993.07.15"]
[PlyCount "62"]

1.d4 d5 2.c4 dxc4 3.e3 Nf6 4.Bxc4 e6 5.Nf3 c5 6.O-O cxd4 7.exd4 Be7 8.Nc3 
O-O 9.Bg5 Nc6 10.a3 b6 11.Qd3 Bb7 12.Rad1 h6 13.Bc1 Rc8 14.Ba2 Re8 15.d5 
exd5 16.Nxd5 Bf8 17.Bg5 hxg5 18.Nxg5 Ne4 19.Nxe4 Qh4 20.f4 Ne7 21.Ng5 Nxd5
22.Bxd5 Bxd5 23.Qxd5 Re7 24.b4 g6 25.h3 Bh6 26.Rd4 Qh5 27.Kh2 Qh4 28.Rf3 
Bxg5 29.fxg5 Qe1 30.Rdf4 Qe5 31.Qxe5 Rxe5 1-0

[Event "interzonal"]
[Site "Biel SUI"]
[Date "1993.??.??"]
[Round "11"]
[White "Van Wely, Loek"]
[Black "Ehlvest, Jaan"]
[Result "1-0"]
[WhiteElo "2585"]
[BlackElo "2620"]
[EventDate "1993.07.15"]
[PlyCount "80"]

1.d4 e6 2.e4 d5 3.Nd2 c5 4.exd5 exd5 5.Ngf3 Nf6 6.Bb5+ Bd7 7.Qe2+ Be7 8.
dxc5 O-O 9.Nb3 Re8 10.Be3 a6 11.Bd3 Ng4 12.O-O a5 13.a4 Bf6 14.c3 Na6 15.
Bb5 Nc7 16.Nbd4 Nxb5 17.axb5 Qc7 18.b4 Bxd4 19.b6 Qb8 20.cxd4 axb4 21.Qd2 
b3 22.Bf4 Qc8 23.Qb4 Rxa1 24.Rxa1 Re2 25.Bg3 b2 26.Rb1 Rc2 27.Rxb2 Rc1+ 
28.Ne1 Qe8 29.Rb1 Rc4 30.Qd2 Qe4 31.Ra1 h6 32.Nf3 Rc2 33.Re1 Qf5 34.Qa5 
Kh7 35.Qa8 Bc6 36.Qb8 Rb2 37.Qd8 Bb5 38.Qe7 Qc2 39.Qxf7 Rb1 40.h3 Nf6 1-0

[Event "interzonal"]
[Site "Biel SUI"]
[Date "1993.??.??"]
[Round "11"]
[White "Nogueiras Santiago, Jesus"]
[Black "Hjartarson, Johann"]
[Result "0-1"]
[WhiteElo "2580"]
[BlackElo "2605"]
[EventDate "1993.07.15"]
[PlyCount "90"]

1.d4 Nf6 2.Nf3 e6 3.e3 b6 4.Bd3 Bb7 5.Nbd2 c5 6.c3 Be7 7.O-O d5 8.Re1 O-O 
9.e4 c4 10.Bc2 dxe4 11.Ng5 Qc7 12.Ndxe4 Nbd7 13.Nxf6+ Nxf6 14.Re3 g6 15.
Rh3 Rad8 16.Nf3 b5 17.Ne5 Bd5 18.Bh6 Rfe8 19.Qc1 Qb7 20.f3 Nd7 21.Bg7 Bf8 
22.Bxf8 Nxf8 23.a4 a6 24.axb5 axb5 25.Ng4 Qe7 26.Qf4 f5 27.Nh6+ Kg7 28.g4 
e5 29.dxe5 Qxe5 30.Qxe5+ Rxe5 31.gxf5 Re2 32.Be4 Bxe4 33.fxe4 Rxe4 34.Rf1 
Rd6 35.fxg6 Rxg6+ 36.Rg3 Kxh6 37.Rxf8 Rxg3+ 38.hxg3 Re2 39.Rf2 Rxf2 40.
Kxf2 Kh5 41.Kf3 Kg5 42.Kf2 Kg4 43.Kg2 h6 44.Kf2 Kh3 45.Kf3 h5 0-1

[Event "interzonal"]
[Site "Biel SUI"]
[Date "1993.??.??"]
[Round "11"]
[White "Spasov, Vasil"]
[Black "Pigusov, Evgeny"]
[Result "1/2-1/2"]
[WhiteElo "2540"]
[BlackElo "2585"]
[EventDate "1993.07.15"]
[PlyCount "21"]

1.e4 c5 2.Nf3 Nc6 3.d4 cxd4 4.Nxd4 g6 5.c4 Nf6 6.Nc3 d6 7.Be2 Nxd4 8.Qxd4 
Bg7 9.O-O O-O 10.Qd3 Be6 11.Bd2 1/2-1/2

[Event "interzonal"]
[Site "Biel SUI"]
[Date "1993.??.??"]
[Round "11"]
[White "Hansen, Curt"]
[Black "Sherzer, Alex"]
[Result "1-0"]
[WhiteElo "2590"]
[BlackElo "2500"]
[EventDate "1993.07.15"]
[PlyCount "127"]

1.c4 Nf6 2.Nc3 g6 3.g3 Bg7 4.Bg2 O-O 5.d4 d6 6.Nf3 Nc6 7.O-O e5 8.d5 Ne7 
9.e4 Nd7 10.Bd2 a5 11.a3 Nc5 12.Be3 f5 13.exf5 gxf5 14.b4 axb4 15.axb4 
Rxa1 16.Qxa1 Nd3 17.Qb1 e4 18.Nd4 Ng6 19.f4 exf3 20.Nxf3 Nde5 21.Nxe5 Nxe5
22.Qb3 Ng4 23.Nb5 Nxe3 24.Qxe3 Re8 25.Qd3 Qe7 26.Bh3 Qe4 27.Qxe4 Rxe4 28.
Nxc7 Rxc4 29.Ne6 Bd4+ 30.Nxd4 Rxd4 31.Rc1 Bd7 32.Rc7 Ba4 33.Bxf5 Rxb4 34.
Bxh7+ Kf8 35.Bf5 Rd4 36.Rxb7 Rxd5 37.g4 Rd2 38.h4 Bc2 39.Rb2 Rd1+ 40.Kg2 
Bxf5 41.Rf2 Rd2 42.Rxd2 Bxg4 43.Kg3 Be6 44.Rxd6 Bf7 45.Kf4 Kg8 46.Kg5 Bb3 
47.Rc6 Ba2 48.Rc8+ Kg7 49.Rc7+ Kg8 50.Kh6 Bb1 51.Rg7+ Kh8 52.Rb7 Ba2 53.
Rb8+ Bg8 54.Kg5 Kg7 55.Rb7+ Kh8 56.Kg6 Bc4 57.Rh7+ Kg8 58.Rd7 Kh8 59.h5 
Bb3 60.Rh7+ Kg8 61.Rc7 Kh8 62.h6 Be6 63.Rh7+ Kg8 64.Re7 1-0

[Event "interzonal"]
[Site "Biel SUI"]
[Date "1993.??.??"]
[Round "11"]
[White "Kalesis, Nikolaos"]
[Black "Gluckman, David"]
[Result "1/2-1/2"]
[WhiteElo "2410"]
[BlackElo "2330"]
[EventDate "1993.07.15"]
[PlyCount "118"]

1.e4 Nf6 2.e5 Nd5 3.d4 d6 4.Nf3 g6 5.Bc4 c6 6.O-O Bg7 7.h3 O-O 8.Qe2 Bf5 
9.Bg5 h6 10.Bh4 dxe5 11.dxe5 g5 12.Bg3 e6 13.Bb3 Nd7 14.Nbd2 Nc5 15.Nc4 
Bg6 16.Nd6 Qb6 17.h4 g4 18.Nd2 h5 19.N2e4 Nxe4 20.Nxe4 Qd4 21.Nd6 Qxb2 22.
Nxb7 a5 23.Nc5 Qd4 24.Na4 Nc3 25.Nxc3 Qxc3 26.a4 Rfd8 27.Rad1 Bf8 28.Rd6 
Bxd6 29.exd6 c5 30.Be5 Qb4 31.Bc4 Qxa4 32.Qe3 Kh7 33.Bd3 Qe8 34.Qg5 f5 35.
f3 g3 36.Bb5 Qf8 37.d7 a4 38.Bc7 c4 39.Bxd8 Qxd8 40.Qxd8 Rxd8 41.f4 Kg7 
42.Bxa4 Kf6 43.Rd1 Ke7 44.Rd4 Bf7 45.Rxc4 e5 46.Rc5 Be6 47.fxe5 Rb8 48.Kf1
Rb4 49.Rc8 Bxd7 50.Bxd7 Kxd7 51.Rg8 Rf4+ 52.Kg1 Rxh4 53.Rxg3 Rc4 54.c3 Ke6
55.Re3 h4 56.Kh2 f4 57.Rf3 Kxe5 58.Kh3 Rc8 59.Kh2 Ke4 1/2-1/2

[Event "interzonal"]
[Site "Biel SUI"]
[Date "1993.??.??"]
[Round "12"]
[White "Gurevich, Mikhail"]
[Black "Ivanchuk, Vasyl"]
[Result "1/2-1/2"]
[WhiteElo "2605"]
[BlackElo "2705"]
[EventDate "1993.07.15"]
[PlyCount "76"]

1.d4 Nf6 2.c4 g6 3.Nc3 Bg7 4.e4 d6 5.Nf3 O-O 6.Be2 e5 7.O-O Nc6 8.d5 Ne7 
9.Nd2 a5 10.a3 Nd7 11.Rb1 f5 12.b4 Kh8 13.f3 Ng8 14.Qc2 Ngf6 15.Bd3 f4 16.
Nb5 b6 17.Bb2 Rg8 18.c5 bxc5 19.bxc5 Nxc5 20.Bxe5 Nxd3 21.Bxf6 Qxf6 22.
Qxd3 Ba6 23.a4 Rgb8 24.Kh1 Rb7 25.Rfc1 Rab8 26.Qc2 Bxb5 27.Rxb5 Rxb5 28.
axb5 Rxb5 29.Qxc7 h6 30.e5 Qxe5 31.Ne4 Kh7 32.h3 Rxd5 33.Qf7 Rd4 34.Rc7 
Rxe4 35.fxe4 a4 36.Qe7 Qa1+ 37.Kh2 Qb2 38.e5 Qxe5 1/2-1/2

[Event "interzonal"]
[Site "Biel SUI"]
[Date "1993.??.??"]
[Round "12"]
[White "Illescas Cordoba, Miguel"]
[Black "Wolff, Patrick"]
[Result "0-1"]
[WhiteElo "2625"]
[BlackElo "2585"]
[EventDate "1993.07.15"]
[PlyCount "122"]

1.Nf3 d5 2.d4 Nf6 3.c4 dxc4 4.Qa4+ Nc6 5.Nc3 e6 6.Qxc4 Nb4 7.Qb3 c5 8.e3 
cxd4 9.exd4 Be7 10.Bg5 Nc6 11.Rd1 O-O 12.Bd3 b6 13.a3 Bb7 14.Qc2 g6 15.Bh6
Re8 16.Be3 Rc8 17.O-O Bf8 18.Qe2 Bg7 19.h3 Qc7 20.Bb5 Red8 21.Bg5 Ne7 22.
Ba6 Nf5 23.Rd2 h6 24.Bxf6 Bxf6 25.Rfd1 Bg7 26.Bxb7 Qxb7 27.Ne5 Ne7 28.Ne4 
Nd5 29.Qf3 Qc7 30.Re1 Qe7 31.Rdd1 Rc2 32.Rc1 Rdc8 33.Rxc2 Rxc2 34.Qb3 Rc8 
35.Nd2 Qc7 36.Ndf3 a6 37.Qa4 Qb7 38.Qd1 Qc7 39.Qe2 Qb7 40.Qe4 Rc7 41.g3 
Qc8 42.h4 Rc2 43.Re2 Rxb2 44.Rxb2 Qc1+ 45.Kg2 Qxb2 46.Nxg6 Qxa3 47.Nf4 
Nxf4+ 48.Qxf4 Qb4 49.Qb8+ Bf8 50.Qa7 a5 51.Ne5 Qe7 52.Qxb6 a4 53.Nd3 a3 
54.Nc5 Qd6 55.Qxd6 Bxd6 56.Nb3 a2 57.Kf3 Bb4 58.g4 Bc3 59.Ke4 Kg7 60.h5 
Kf6 61.f4 a1=Q 0-1

[Event "interzonal"]
[Site "Biel SUI"]
[Date "1993.??.??"]
[Round "12"]
[White "Seirawan, Yasser"]
[Black "Hubner, Robert"]
[Result "1/2-1/2"]
[WhiteElo "2575"]
[BlackElo "2605"]
[EventDate "1993.07.15"]
[PlyCount "183"]

1.d4 d5 2.c4 dxc4 3.e4 Nf6 4.Nc3 e5 5.Nf3 exd4 6.Qxd4 Qxd4 7.Nxd4 Bc5 8.
Be3 c6 9.f3 b5 10.a4 b4 11.Nd1 c3 12.bxc3 a5 13.Nxc6 Bxe3 14.Nxb8 Rxb8 15.
Nxe3 bxc3 16.Bb5+ Bd7 17.Kf2 O-O 18.Bxd7 Nxd7 19.Rhc1 Rb3 20.Nd5 Rb2+ 21.
Kg3 c2 22.Ra3 Nc5 23.Rc3 Nxa4 24.R3xc2 g6 25.Rc6 Rb5 26.R1c4 Nb2 27.Rc3 a4
28.Ra6 Rfb8 29.h4 Kg7 30.h5 Rb3 31.Rcc6 a3 32.Rc7 Nd3 33.h6+ Kxh6 34.Rxf7 
Nc5 35.Raa7 R8b7 36.Rfxb7 Nxb7 37.Kg4 Kg7 38.Kf4 Kf7 39.Ke5 h5 40.f4 h4 
41.Kd4 Rb2 42.Nc3 Ke6 43.Ra6+ Kf7 44.Ra7 Ke6 45.Ra6+ Kf7 46.Rxa3 Rxg2 47.
Nd5 Rb2 48.Rh3 g5 49.fxg5 Kg6 50.Rxh4 Kxg5 51.Rh8 Nd6 52.Rg8+ Kh6 53.Ke5 
Nxe4 54.Kxe4 Ra2 55.Rg1 Ra5 56.Rg2 Rb5 57.Ke5 Ra5 58.Rg1 Kh5 59.Rg8 Kh4 
60.Rg7 Kh5 61.Rg1 Kh4 62.Kf4 Ra4+ 63.Kf5 Ra5 64.Ke5 Kh5 65.Ke4 Kh4 66.Nc3 
Rc5 67.Ne2 Rc4+ 68.Nd4 Ra4 69.Ke5 Kh5 70.Rg8 Ra5+ 71.Kf6 Ra6+ 72.Ne6 Kh4 
73.Kf5 Ra5+ 74.Ke4 Ra4+ 75.Nd4 Kh5 76.Rg2 Kh4 77.Ke5 Kh5 78.Nc6 Rg4 79.
Rh2+ Rh4 80.Rc2 Kg4 81.Nd4 Rh3 82.Ke4 Ra3 83.Rg2+ Kh3 84.Rg8 Ra4 85.Ke5 
Ra5+ 86.Kf4 Ra4 87.Ke4 Kh4 88.Ke5 Kh3 89.Nf3 Ra5+ 90.Ke4 Ra4+ 91.Kf5 Rf4+ 
92.Kxf4 1/2-1/2

[Event "interzonal"]
[Site "Biel SUI"]
[Date "1993.??.??"]
[Round "12"]
[White "Hjartarson, Johann"]
[Black "Lobron, Eric"]
[Result "1-0"]
[WhiteElo "2605"]
[BlackElo "2575"]
[EventDate "1993.07.15"]
[PlyCount "75"]

1.c4 Nf6 2.Nc3 e5 3.Nf3 Nc6 4.g3 Bc5 5.Bg2 d6 6.d3 h6 7.O-O O-O 8.a3 a5 9.
e3 Bb6 10.b3 Bf5 11.Bb2 Re8 12.Rc1 Qd7 13.Re1 Bh3 14.Bh1 Bg4 15.Qc2 Qf5 
16.Nd2 Qh5 17.Nd5 Nxd5 18.cxd5 Ne7 19.Nc4 Bf3 20.Bxf3 Qxf3 21.e4 f5 22.
Nxb6 cxb6 23.Qc7 fxe4 24.dxe4 Qxb3 25.Rb1 Qf3 26.Qxd6 Rf8 27.Rf1 Rf7 28.
Qxe5 Ng6 29.Qe6 Kh7 30.Rbe1 Raf8 31.Re3 Qh5 32.Qxb6 Qg5 33.Qd4 Nf4 34.Kh1 
Nh3 35.f4 Qh5 36.e5 Rc7 37.e6 Re8 38.d6 1-0

[Event "interzonal"]
[Site "Biel SUI"]
[Date "1993.??.??"]
[Round "12"]
[White "Abramovic, Bosko"]
[Black "Van Wely, Loek"]
[Result "1-0"]
[WhiteElo "2460"]
[BlackElo "2585"]
[EventDate "1993.07.15"]
[PlyCount "47"]

1.d4 Nf6 2.Nf3 g6 3.g3 Bg7 4.Bg2 O-O 5.O-O d6 6.c4 Nbd7 7.Nc3 e5 8.e4 exd4
9.Nxd4 Re8 10.h3 a6 11.Rb1 Rb8 12.Re1 c5 13.Nf3 b5 14.Qxd6 b4 15.Nd5 Nxe4 
16.Rxe4 Rxe4 17.Bg5 f6 18.Nxf6+ Bxf6 19.Qd5+ Kg7 20.Bxf6+ Qxf6 21.Qxe4 Bb7
22.Qe3 Rf8 23.Ng5 Qf5 24.Qe7+ 1-0

[Event "interzonal"]
[Site "Biel SUI"]
[Date "1993.??.??"]
[Round "12"]
[White "Lima, Darcy"]
[Black "Nalbandian, Tigran"]
[Result "1-0"]
[WhiteElo "2475"]
[BlackElo "2485"]
[EventDate "1993.07.15"]
[PlyCount "81"]

1.c4 e5 2.g3 Nf6 3.Bg2 Nc6 4.Nf3 Be7 5.O-O O-O 6.d4 d6 7.Nc3 a6 8.d5 Na5 
9.Nd2 c5 10.e4 b5 11.b3 Rb8 12.Qc2 Qc7 13.Nd1 bxc4 14.bxc4 Bd7 15.Bb2 Rb4 
16.Bc3 Rc8 17.Nb2 Rbb8 18.Nd3 Be8 19.f4 Nd7 20.Bh3 Bf6 21.Rab1 Kh8 22.Qa4 
Nb7 23.Qxa6 h6 24.fxe5 Be7 25.Rb3 dxe5 26.Bxd7 Qxd7 27.Nxe5 Qh3 28.Rxb7 
Ra8 29.Qb6 Ra3 30.Rxe7 Rxc3 31.Nef3 Re3 32.Kf2 Ra3 33.Qb2 Ra6 34.Qe5 Bd7 
35.Rxf7 Rg8 36.Rb1 Rxa2 37.Rb8 Bc8 38.Qf4 Qh5 39.Rf8 Rxd2+ 40.Nxd2 Qxh2+ 
41.Ke1 1-0